000 00708nam a2200289Ia 4500
005 20260324134411.0
008 008 260324s9999 xx 000 0 eng d
020 _a9781315052878
037 _aEBOOK
040 _aCRL
040 _beng
040 _cCRL
041 _2eng
041 _aeng
084 _qCRL
100 _aCarol Hardy-Fanta; Jeffrey Gerson
_91196674
245 0 _aLatino Politics in Massachusetts
245 0 _bStruggles, Strategies and Prospects
260 _bTaylor and Francis
260 _c2002
365 _a
365 _b80.99
856 _uhttp://www.taylorfrancis.com/books/9781315052878
942 _cEBOOK
999 _c1796740
_d1796740